000 01317nam a2200205Ia 4500
003 Ost
005 20260507075636.0
008 260507s9999||||xx |||||||||||||| ||und||
040 _cfsecg
041 _aara
082 _a657.835
100 _aأبو المكارم، وصفي عبد الفتاح
_eمؤلف
245 0 _aالمحاسبة الحكومية /
_c وصفي عبد الفتاح أبو المكارم
260 _aالإسكندرية:
_bالدار الجامعية للنشر,
_c1998
300 _a263 صفحة؛
_bإيضاحات ؛
_c24 سم
520 _aخصائص التنظيمات الحكومية- أثر خصائص التنظميات الحكومية على وظيفتي القياس والإتصال المحاسبي- مبادئ المحاسبة الحكومية- دور الموازنة العامة في النظام المحاسبي الحكومي- الإطار العام لنظام المحاسبة الحكومية في جمهورية مصر العربية- الضبط الداخلي على الإيرادات وطرق تحصيلها- المصروفات العامة- الإستخدمات الإستثمارية- التقارير الدورية والحساب الختامي السنوي
653 _aالمحاسبة
653 _aالمحاسبة العامة
942 _cكتاب
999 _c45302
_d45302